00942nas a22002417i 4500999001500000001000500015003000400020005001700024007000300041008004100044024001400085024002000099040000800119110003900127245002200166260004900188300000900237500017200246856004800418942000700466952011500473952011200588 c6422d64227558OSt20181115110155.0tu161220c19309999xxu||||| |||| 00| 0 d7 a75582RID7 a75582RSN (alt) cOSt2 aBank for International Settlements00aBIS Annual Report aBasel :bBank for International Settlements. c30cm aSince 2018 the BIS publishes separately its "Annual Report" (BIS activities and financial performance) and "Annual Economic Report" (commentary on the global economy). uhttps://www.bis.org/about/areport/index.htm cSE 00102z4070aBIBbBIBc1d2007-07-18h77 (2006-2007)i7558l0p10003525r2017-01-26 00:00:00w2017-01-26ySE 00104070aBIBbBIBc1d2010-08-03h80 (2009-2010)i7980l0p10003920r2017-01-26 00:00:00w2017-01-26ySE